000 00418nam a2200169Ia 4500
008 230711s9999||||xx |||||||||||||| ||und||
020 _a978-93-86070-90-6
041 _aENG
082 _a530.15
_bJO-M
100 _aJoshi A.W
245 0 _aMatrices and tensors in Physics
250 _a4th Ed.
260 _c2017
_aNew Delhi
_bNew Age International Publishers
300 _a342p.
650 _aPhysics
942 _cBK
999 _c6165
_d6165